Islam and Modernity (Record no. 11111)
[ view plain ]
| 000 -LEADER | |
|---|---|
| fixed length control field | 00617nam a2200253 a 4500 |
| 020 ## - INTERNATIONAL STANDARD BOOK NUMBER | |
| ISBN | |
| 082 00 - DEWEY DECIMAL CLASSIFICATION NUMBER | |
| Classification number | 297.197 |
| Author Cutter | FAZ |
| 100 ## - MAIN ENTRY--AUTHOR NAME | |
| Author name | Fazlur, Rahman |
| 245 ## - TITLE STATEMENT | |
| Title | Islam and Modernity |
| 260 ## - PUBLICATION, DISTRIBUTION, ETC. (IMPRINT) | |
| Place of publication | Hyderabad |
| Name of publisher | Jamia Osmania |
| Year of publication | 1982 |
| 300 ## - PHYSICAL DESCRIPTION | |
| Number of Pages | 172p |
| 500 ## - GENERAL NOTE | |
| General note | includes index and biblioraphy |
| 505 2# - FORMATTED CONTENTS NOTE | |
| Formatted contents note | Index, References |
| 650 ## - SUBJECT ADDED ENTRY--TOPICAL TERM | |
| Topical Term | Quran-Hermeneutics |
| 650 ## - SUBJECT ADDED ENTRY--TOPICAL TERM | |
| Topical Term | Philosophy-Islamic |
| 942 ## - ADDED ENTRY ELEMENTS (KOHA) | |
| Koha item type | Books |
| 700 1# - | |
| -- | Fazlur, Rahman |
| Home library | Current library | Date acquired | Cost, normal purchase price | Full call number | Accession Number | Koha item type |
|---|---|---|---|---|---|---|
| Henry Martyn Institute Library | Henry Martyn Institute Library | 11/26/2007 | 701.50 | 297.197 FAZ | 018415 | E-Books |
